[Event "AUT-ch U16"]
[Site "St Veit"]
[Date "2023.04.04"]
[Round "5"]
[White "Noori, Darius"]
[Black "Ganbat, Gan Erdene"]
[Result "1/2-1/2"]
[WhiteElo "942"]
[BlackElo "1410"]
[PlyCount "70"]
[EventDate "2023.04.02"]
[EventType "swiss"]
[EventRounds "7"]
[EventCountry "AUT"]
[SourceTitle "EXT 2024"]
[Source "ChessBase"]
[SourceDate "2023.10.10"]
[SourceVersion "1"]
[SourceVersionDate "2023.10.10"]
[SourceQuality "1"]

1. e4 e5 2. Nf3 Nc6 3. Bc4 Bc5 4. c3 Nf6 5. d4 exd4 6. 0-0 dxc3 7. e5 Ng4 8. Bxf7+ Kf8 9. Bg5 Be7 10. Nxc3 Kxf7 11. Bxe7 Qxe7 12. Nd5 Qd8 13. h3 Ngxe5 14. Nxe5+ Nxe5 15. Qh5+ Ng6 16. Rfe1 Kg8 17. Nxc7 Qxc7 18. Re8+ Kf7 19. Rxh8 Qe5 20. Qxe5 Nxe5 21. Rc1 Nc6 22. Re1 Ne7 23. Re3 h6 24. Rf3+ Kg6 25. Rg3+ Kf7 26. h4 b6 27. Rd3 d5 28. Rf3+ Kg6 29. Re3 Kf7 30. Rf3+ Kg6 31. Rff8 a5 32. Re8 Ra7 33. Rxc8 Nxc8 34. Rxc8 Kf5 35. Kf1 Rd7 1/2-1/2

[Event "AUT-ch U16"]
[Site "St Veit"]
[Date "2023.04.02"]
[Round "2"]
[White "Wu, Chenshan"]
[Black "Noori, Darius"]
[Result "0-1"]
[WhiteElo "1610"]
[BlackElo "942"]
[PlyCount "64"]
[EventDate "2023.04.02"]
[EventType "swiss"]
[EventRounds "7"]
[EventCountry "AUT"]
[SourceTitle "EXT 2024"]
[Source "ChessBase"]
[SourceDate "2023.10.10"]
[SourceVersion "1"]
[SourceVersionDate "2023.10.10"]
[SourceQuality "1"]

1. e4 c5 2. c3 d5 3. exd5 Qxd5 4. d4 cxd4 5. cxd4 Nc6 6. Nf3 g6 7. Nc3 Qd8 8. d5 Nb8 9. Be2 Bg7 10. Bf4 Nf6 11. 0-0 0-0 12. Qd2 b6 13. Bh6 Bb7 14. Bxg7 Kxg7 15. Rfd1 Nbd7 16. b4 Rc8 17. Rac1 Re8 18. Bb5 a6 19. Ba4 b5 20. Bb3 Nb6 21. Rb1 Qd6 22. a3 Nc4 23. Bxc4 Rxc4 24. Rbc1 Rec8 25. h3 Qc7 26. Ne2 Bxd5 27. Rxc4 Bxc4 28. Ng3 Be6 29. Nd4 Qc3 30. Nxe6+ fxe6 31. Qe2 Qc4 32. Qe3 Kf7 0-1